000 00937nam a22003017a 4500
003 CHAP
005 20220817041809.0
008 971013s r 00010 d
010 _a24783
011 _a25755
035 _a29855
040 _cCHAP
090 _aFolleto 4051
110 _aInstituto de Estudios Políticos, Económicos y Sociales. México
_959122
245 _aEstado de Durango
260 _a(s.l. :
_bs.e.),
_c(s.a.)
300 _a31 p.
_b; apend. ; mapas
590 _aBATCH-UPD
_b10
_c20130110
_lUCH01
_h2142
590 _aBATCH-UPD
_b10
_c20130410
_lUCH01
_h1450
590 _aBATCH-UPD
_b10
_c20130914
_lUCH01
_h1603
590 _aCONVERSION
_b10
_c20130109
_lUCH01
_h1314
650 1 4 _aDurango
_xCondiciones económicas.
650 1 4 _aDurango
_xCondiciones sociales.
_934556
650 1 4 _aDurango
_xHistoria.
_934562
901 _aBK
942 _cFOLL
949 _aFolleto 4051
_bBC
_cFOLL
_d-68910
_eTS1
_i29855
_mD
_si
999 _c24783
_d24783